| 000 | 00953nam a22002177a 4500 | ||
|---|---|---|---|
| 003 | OSt | ||
| 005 | 20250930163603.0 | ||
| 008 | 240319b ||||| |||| 00| 0 eng d | ||
| 040 | _c0 | ||
| 082 | _aDPer 621.381 In821 August 2022 v. 37 n. 8 | ||
| 100 |
_aLiu, Junwei. _eauthor. _955022 |
||
| 245 |
_aA soft-switched power-factor-corrected single-phase bidirectional AC—DC wireless power transfer converter with an integrated power stage / _cJunwei Liu, Fei Xu, Chuan Sun, and K. H. Loo. |
||
| 260 |
_aNew York ; _bThe Institute of Electrical and Electronics Engineers, Inc. , _cAugust 2022. |
||
| 300 |
_aVolume 37, pages 10029-10044 : _billustration ; _c28 cm. |
||
| 500 | _aIEEE Transitions on Power Electronics, v. 37 n. 8, pages 10029-10044, August 2022. | ||
| 700 |
_aLiu, Junwei. _eauthor. _955022 |
||
| 700 |
_aXu, Fei. _eauthor. _955023 |
||
| 700 |
_aSun, Chuan. _eauthor. _955024 |
||
| 700 |
_aLoo, K. H. _eauthor. _955025 |
||
| 942 |
_2ddc _cPER |
||
| 999 |
_c19758 _d19758 |
||